000
00210 a2200097 4500
001
50151
100
_a
Hoyt, Edwing P
245
_a
The kamirazes
260
_a
Lahore
_b
Feroz Sons Ltd
_c
090
_c
32212
_d
32212
942
_a
NUST-CAE
_c
M
_c
24684
999
_c
285224
_d
285224